| 000 | 00851nam a2200181Ia 4500 | ||
|---|---|---|---|
| 008 | 090630s9999 xx 000 0 und d | ||
| 082 | _b9360 | ||
| 100 | _aभालेराव अनंत. | ||
| 245 |
_aहैद्राबादचा स्वातंत्र्य संग्राम आणि मराठवाडा. _cभालेराव अनंत. |
||
| 260 |
_bमौज. _c1987 |
||
| 300 | _a639 | ||
| 600 | _aभालेराव अनंत. | ||
| 630 | _aहैद्राबादचा स्वातंत्र्य संग्राम आणि मराठवाडा. | ||
| 655 | _aइतर. | ||
| 700 | _aभालेराव अनंत. | ||
| 730 | _aहैद्राबादचा स्वातंत्र्य संग्राम आणि मराठवाडा. | ||
| 942 | _cBOOK | ||
| 999 |
_c261216 _d261216 |
||